• 首页
  • 本馆介绍
  • 公告通知
  • 最新文献
  • 馆藏检索
  • 电子资源
  • 读者导购
  • 参考咨询
  • 我的图书馆
  • 登录
  • 详细信息显示
  • 放入我的书架
  • 预约/预借图书
  • 作者相关作品
  • 分类相关作品
  • 丛书相关作品
  • 出版社相关作品

书目信息

  • 表格格式
  • 工作单格式
  • 卡片格式
题名:
当代运动与艺术潮流
    
 
作者: 李乡状 编著
分册:   萨克斯卷
出版信息: 长春   吉林出版集团有限责任公司  2015
页数: 212页
开本: 23cm
丛书名:
单 册:
中图分类: G819
科图分类:
主题词: 体育运动--Ti Yu Yun Dong--基本知识 , 艺术--Yi Shu--基本知识 , 萨克管--Sa Ke Guan--基本知识
电子资源:
ISBN: 978-7-5534-6870-9
000 00906nam0 22002531 450
001 350861
005 20161012082525.40
010    @a978-7-5534-6870-9@dCNY28.00
100    @a20160202d2015 em y0chiy50 ea
101 0  @achi
102    @aCN@b220000
105    @aa z 000yy
106    @ar
200 1  @a当代运动与艺术潮流@ADang Dai Yun Dong Yu Yi Shu Chao Liu@i萨克斯卷@f李乡状编著
210    @a长春@c吉林出版集团有限责任公司@d2015
215    @a212页@c图@d23cm
330    @a本书介绍萨克斯发展历史与演奏相关方面基本知识,内容包括萨克斯简史、萨克斯基本知识、萨克斯的安装与维修、著名萨克斯管、萨克斯吹嘴、萨克斯的发展与突破等。
606 0  @a体育运动@ATi Yu Yun Dong@x基本知识
606 0  @a艺术@AYi Shu@x基本知识
606 0  @a萨克管@ASa Ke Guan@x基本知识
690    @aG819@v5
701  0 @a李乡状@ALi Xiang Zhuang@f(1962~)@4编著
801  0 @aCN@bTANGWEI@c20160808
905    @b0892150-4@dG819@e16@f5
    
    当代运动与艺术潮流.萨克斯卷/李乡状编著 .-长春:吉林出版集团有限责任公司,2015
    212页:图;23cm
    
    
    ISBN 978-7-5534-6870-9:CNY28.00
    本书介绍萨克斯发展历史与演奏相关方面基本知识,内容包括萨克斯简史、萨克斯基本知识、萨克斯的安装与维修、著名萨克斯管、萨克斯吹嘴、萨克斯的发展与突破等。
●
相关链接 在E读中查询图书 在五车中查询图书 在当当中查询图书 在豆瓣中查询图书


正题名:当代运动与艺术潮流     索取号:G819/16         预约/预借

序号 登录号 条形码 馆藏地/架位号 状态 备注
1 0892150   208921504   第一样本阅览室/ [索取号:G819/16] 在馆    
2 0892151   208921513   第四借阅区/ [索取号:G819/16] 在馆    
3 0892152   208921522   第四借阅区/ [索取号:G819/16] 在馆    
4 0892153   208921531   第四借阅区/ [索取号:G819/16] 在馆    
5 0892154   208921540   第四借阅区/ [索取号:G819/16] 在馆    
唐山师范学院图书馆 欢迎您!
大连网信软件有限公司© 版权所有